HSE targets small firms (Record no. 72909)

MARC details
000 -LEADER
fixed length control field 01316cam a2200217 4500
001 - CONTROL NUMBER
control field WB3924-09
008 - FIXED-LENGTH DATA ELEMENTS--GENERAL INFORMATION
fixed length control field 030624n2003 000 0 eng u
035 ## - SYSTEM CONTROL NUMBER
System control number (Sirsi) u122724
245 ## - TITLE STATEMENT
Title HSE targets small firms
260 ## - PUBLICATION, DISTRIBUTION, ETC.
Date of publication, distribution, etc. 2003
490 ## - SERIES STATEMENT
Series statement HSE News Release
Volume/sequential designation CO22:03 13 June 2003 (2)
490 ## - SERIES STATEMENT
Series statement Building
Volume/sequential designation 268(8288) 20 June 2003, 16(1)
520 ## - SUMMARY, ETC.
Summary, etc. The Health and Safety Executive has launched a new safety initiative, "High 5", to reduce accidents on small construction sites. HSE research showed that 75% of deaths and injuries on site happen to self-employed workers or those who work for a small business. Small businesses account for 98% of the construction industry. The leaflet deals with five key hazards on site: untidy sites, falls from heights, manual injuries caused by working with heavy materials, accidents involving transport and asbestos. Copies of the leaflet can be download from the Working Well Together site, http://wwt.uk.com or be ordered online from www.hsebooks.co.uk or from HSE Books, PO Box 1999, Sudbury, Suffolk, CO10 2WA, t +44 (0)1787 881165 or f +44 (0)1787 313995.
590 ## - LOCAL NOTE (RLIN)
Local note WB
650 ## - SUBJECT ADDED ENTRY--TOPICAL TERM
Topical term or geographic name entry element BUILDING SITES
650 ## - SUBJECT ADDED ENTRY--TOPICAL TERM
Topical term or geographic name entry element BUILDING SITE MANAGEMENT
650 ## - SUBJECT ADDED ENTRY--TOPICAL TERM
Topical term or geographic name entry element SITE SAFETY
650 ## - SUBJECT ADDED ENTRY--TOPICAL TERM
Topical term or geographic name entry element SMALL BUSINESSES
690 ## - LOCAL SUBJECT ADDED ENTRY--TOPICAL TERM (OCLC, RLIN)
Topical term or geographic name as entry element Health and safety
9 (RLIN) 6244
942 ## - ADDED ENTRY ELEMENTS (KOHA)
Suppress in OPAC 0
Holdings
Withdrawn status Lost status Source of classification or shelving scheme Damaged status Not for loan Home library Current library Shelving location Date acquired Total Checkouts Full call number Barcode Date last seen Copy number Price effective from Koha item type
    Dewey Decimal Classification     London London News article 24/06/2003   WB3924-09 122724-1001 06/08/2019 1 06/08/2019 News article